000 00953nas a2200289 4500
001 BR8200406
003 BR-BrBNA
005 20231205084958.0
007 ta
008 230509b bl.|||p| |||| 00| 00por d
040 _aBR-BrBNA
_bpor
_cBiblioteca Nacional de Agricultura
041 _a(Pt)
072 _aE70; H20
100 1 _aRibeiro, W.R.C.
100 1 _aBolkan, H.A.
245 1 _aMicoflora de frutos de tomate comercializacao no Distrito Federal [Lycopersicum esculentum; Fungo; Brasil]
246 1 _aMycoflora of tomato fruits in the Federal District of Brazil [Lycopersicum esculentum; Fungus]
650 _aComercializacao
650 _aDoenca de planta
650 _aTomate
650 _aFungo
650 _aMercado
650 _aDistrito Federal
773 0 _tFitopatologia Brasileira (Brazil)
_xISSN 0100-4158
_g(Oct 1981), v. 6(3) p. 367-375
_wBR8200406
909 _a202311
_bLúcia
_c55
_dLúcia Elande
942 _2AGRIS
_n0
_cANA
999 _c108504
_d108504